مكتبة جامعة عجلون الوطنية

فهرس بحث المكتبة

Normal view MARC view
  • الاجماع- اصول الفقه

Entry Topical Term

Number of records used in: 1

001 - CONTROL NUMBER

  • control field: 43506

003 - CONTROL NUMBER IDENTIFIER

  • control field: JO-AjAnu

005 - DATE AND TIME OF LATEST TRANSACTION

  • control field: 20230606081217.0

008 - FIXED-LENGTH DATA ELEMENTS

  • fixed length control field: 230606|| aca||aabn | a|a d

040 ## - CATALOGING SOURCE

  • Original cataloging agency: JO-AjAnu
  • Transcribing agency: JO-AjAnu

150 ## - HEADING--TOPICAL TERM

  • Topical term or geographic name entry element: الاجماع- اصول الفقه

670 ## - SOURCE DATA FOUND

  • Source citation: Work cat.: (JO-AjAnu)22276: ابن المنذر ، تحقيق ودراسة: فؤاد عبد المنعم أحمد, author 43505, الإجماع : يتضمن المسائل الفقهية المتفق عليها عند أكثر علماء المسلمين